000 00325nam a22001217a 4500
005 20241109113057.0
008 241109b |||||||| |||| 00| 0 eng d
100 _aWearne, Neil
245 _aHospitality marketing
260 _aNew Delhi
_bGlobal Books and Subscription
_cc1994
300 _axi,, 352p
_bill.;
942 _2lcc
_cBK
_n0
999 _c952
_d952